000 00870nas a2200277 4500
001 BR2012003066
003 BR-BrBNA
005 20231205120520.0
007 ta
008 230509b bl.|||p| |||| 00| 00por d
040 _aBR-BrBNA
_bpor
_cBiblioteca Nacional de Agricultura
041 _a(Pt)
072 _aF04
100 1 _aMatues, C. de M.D.
100 1 _aRichieri, R. da S.
100 1 _aCastilho, R.M.M. de
245 1 _aProdução de massa seca e teores de nutrientes de grama esmeralda em solo manejado com calagem, adubação química e/ou orgânica
650 _aGRAMA ESMERALDA
650 _aFERTILIZANTE
650 _aADUBAÇÃO
650 _aSOLO
650 _aCALAGEM
773 0 _tCultura Agronômica (Brazil)
_xISSN 0104-1010
_g(2010), V. 19(2) p. 19-25
_wBR2012003066
909 _a202311
_bLúcia
_c55
_dLúcia Elande
942 _2AGRIS
_n0
_cANA
999 _c218902
_d218902